000
00478nam a2200181Ia 4500
008
100917s9999 xx 000 0 und d
082
_b
58370
100
_a
मंगेशकर गीता
245
_a
सुगंध
260
_b
प्रिया प्रकाशन
_c
1983
300
_a
241
365
_b
38
520
_a
कादंबरी
630
_a
सुगंध
650
_a
कादंबरी
730
_a
सुगंध
942
_c
BOOK
999
_c
663764
_d
663761